Teoría general del acto jurídico (Registro nro. 160708)
[ vista simple ]
| 000 -LEADER | |
|---|---|
| fixed length control field | 01422nam a22002297a 4500 |
| 008 - FIXED-LENGTH DATA ELEMENTS--GENERAL INFORMATION | |
| fixed length control field | 110826t2011 cl |||||s|||| 00| 0 spa d |
| 020 ## - INTERNATIONAL STANDARD BOOK NUMBER | |
| International Standard Book Number | 978-956-10-1488-6 |
| 035 ## - | |
| -- | 5485 |
| 040 ## - CATALOGING SOURCE | |
| Original cataloging agency | vLex |
| 090 ## - | |
| -- | 2277 |
| -- | 2277 |
| 100 1# - MAIN ENTRY--PERSONAL NAME | |
| Personal name | Vial del Río, Víctor |
| 245 10 - TITLE STATEMENT | |
| Title | Teoría general del acto jurídico |
| Statement of responsibility, etc | Víctor Vial del Río |
| Medium | [Recurso electrónico] / |
| 256 ## - | |
| -- | Servicio en línea. |
| 260 ## - PUBLICATION, DISTRIBUTION, ETC. (IMPRINT) | |
| Place of publication, distribution, etc | [Chile] : |
| Name of publisher, distributor, etc | Editorial juríadica de Chile, |
| Date of publication, distribution, etc | 2010. |
| 500 ## - GENERAL NOTE | |
| General note | Con singular maestría, rigor científico y lucidez esta obra aborda una materia de importancia fundamental para la ciencia del Derecho y para la formación jurídica de los abogados. Se destaca por la objetividad de los planteamientos para abordar temas clásicos como la voluntad, el objeto, la causa, los efectos, la ineficacia y las modalidades de los actos jurídicos, desde una perspectiva original al amparo de una renovada bibliografía. |
| 506 1# - RESTRICTIONS ON ACCESS NOTE | |
| Terms governing access | Contenido solo disponible en los productos indicados |
| Authorized users | vLex Global |
| -- | vLex Global (Academic Edition, excluding Law Schools) |
| -- | vLex Global (U.S. Academic Edition, Law Schools) |
| -- | vLex Global (U.S. Academic Edition, excluding Law Schools) |
| -- | vLex Global (Academic Edition, Law Schools) |
| 650 04 - SUBJECT ADDED ENTRY--TOPICAL TERM | |
| Topical term or geographic name as entry element | Hecho jurídico |
| 740 0# - | |
| -- | vLex Libros (Servicio en línea) |
| 856 40 - LOCALIZACIÓN Y ACCESO ELECTRÓNICO | |
| Identificador Uniforme del Recurso (URI/URL) | https://app.vlex.com/#/sources/teoria-general-acto-juridico-5485 |
| 942 ## - | |
| -- | RAA |
| 999 ## - | |
| -- | 160708 |
| -- | 160708 |
No hay ítems disponibles.